Responses for Show #4041 - Monday, March 11, 2002

Jason McCune game 5.

Contestants

[<< previous game]

Ramon Flores, a human resources manager from Sunrise, Florida

Juliet Cesarini, a graphic artist originally from Homer, Alaska

Jason McCune, an actor originally from Jasper, Indiana (whose 4-day cash winnings total $90,041)

[next game >>]

Jeopardy! Round responses

2000 NEWS
ELLA FITZGERALD
FUN WITH FLOWERS
THE FICTION FILE
YOU'RE MAKING ME HUNGRY!
LOST "COS"
    $200 2
(Ralph) Nader

Jason
    $200 11
Memorex

Jason
    $200 15
(Alex: Hang on, hang on... I know you're eager to continue...)

a Black-Eyed Susan

Juliet
    $200 18
On the Road

Jason
    $200 25
cole slaw

Jason
    $200 1
costume

Ramon
    $400 6
Firestone

Jason
    $400 12
"Mack The Knife"

Jason
    $400 16
Japan

Juliet
    $400 19
Michael Crichton

Jason
    $400 27
(Jason: What is a potato?)

an artichoke

JasonJuliet
    $400 3
a cosmetologist

Jason
    $600 8
Vijay Singh

Jason
    $600 13
"A-Tisket, A-Tasket"

Juliet
    $600 17
a lotus

Ramon
    $600 20
(Alex: And the "her" in this case is [*].)

Dame Agatha Christie

Triple Stumper
    $600 28
corn husks

Juliet
    $600 4
a cosmonaut

Jason
    $800 9
(Juliet: Who is the, um, dowager mother?)
...
(Alex: [*], not the dowager mother, yes.)

the Queen Mother

JulietRamon
    $800 14
(Alex: Yes, you're out of the hole now.)

Louis Armstrong

Juliet
    $2,500 23
(Alex: Makes sense, doesn't it, yeah.)

the tulip

Juliet
    $800 21
The Hitchhiker's Guide to the Galaxy

Juliet
    $800 29
a pear

Jason
    $800 5
Costa Rica

Ramon
    $1000 10
Pyongyang

Ramon
    $1000 26
scatting

Jason
    $1000 24
iris

Juliet
    $1000 22
(Story of) O

Juliet
    $1000 30
a beignet

Jason
    $1000 7
Kevin Costner

Ramon

Scores at the first commercial break (after clue 15):

Jason Juliet Ramon
$2,800 $800 $3,800

Scores at the end of the Jeopardy! Round:

Jason Juliet Ramon
$6,000 $7,500 $4,400

Double Jeopardy! Round responses

OBJETS D'ART
INITIAL REACTIONS
THE DUSTIN HOFFMAN FILM FESTIVAL
(Alex: You have to name the country in this one...)
WHERE IN THE WORLD IS...?
CARMEN
SAN DIEGO
    $400 16
a bust

Juliet
    $400 26
rest & recreation (also would accept rehabilitation, recuperation)

Ramon
    $400 6
Tootsie

Juliet
    $400 1
Egypt

Juliet
    $400 21
(Ramon: What is Rome?)
...
(Alex: George Bizet was French... born in the capital city of [*].)

Paris

Ramon
Triple Stumper
    $400 11
(Charles) Lindbergh

Jason
    $800 17
a miniature

Triple Stumper
    $800 27
free throw

Jason
    $800 7
Midnight Cowboy

Ramon
    $800 2
Australia

Jason
    $800 22
Plácido Domingo

Jason
    $800 12
"la HOY-ah"

Jason
    $5,000 18
a statuette

Juliet
    $1200 30
(Alex: UFO is an "unidentified"; IFO is [*].)

an identified flying object

Triple Stumper
    $1200 8
(Ramon: Um... oh... [winces])

Wag the Dog

JulietRamon
    $1200 3
(Juliet: What is Nigeria?)

Canada

Juliet
Triple Stumper
    $1200 23
(Jason: [Shakes head] What is Porgy and Bess?)

Carmen Jones

JasonJuliet
    $1200 13
a zoo

Juliet
    $1600 19
embroidery

Juliet
    $1600 29
i.e.

Ramon
    $1600 9
Kramer vs. Kramer

Ramon
    $1600 4
(Alex: You'll visit the Blue Grotto if you go to Capri.)

Italy

Triple Stumper
    $1600 24
(Juliet: What is a matador?)
...
(Alex: It was [*], even though matador is the more correct term. [*] is not a bullfighter.)

the toreadors

Juliet
Triple Stumper
    $1600 14
the Colorado (River)

Ramon
    $2000 20
scissors

Triple Stumper
    $2000 28
(Alex: Yes, international standard [*] number, correct.)

a book

Ramon
    $2,800 10
(Ramon: Um... What is... [winces & shakes head])

Little Big Man

Ramon
    $2000 5
(Jason: What is Saudi Arabia?)

Turkey

Jason
Triple Stumper
    $2000 25
(Juliet: Who is, um, Carmen Miranda?)
...
(Alex: We have much less than a minute to go now, Juliet.)

Beverly Sills

Juliet
Triple Stumper
    $2000 15
Father Junipero Serra

Juliet

Scores at the end of the Double Jeopardy! Round:

Jason Juliet Ramon
$6,400 $16,100 $8,000
(lock game)

[wagering suggestions for these scores]

Final Jeopardy! Round responses

ARCHITECTURE & SOCIETY
JasonWhat is a wedding cake? Hi Drew Bob Geoff R
$6,400
RamonWhat is a Christmas Wreath?
$1,500
JulietWhat is a wedding cake?
$99
a wedding cake

Final scores:

Jason Juliet Ramon
$12,800 $16,199 $6,500
2nd place: trip to Miami to attend Miami Film Festival New champion: $16,199 3rd place: trip to Palm Desert, California & stay at Marriott Vacation Club

Game dynamics:

Coryat scores:

Jason Juliet Ramon
$6,400 $10,600 $10,800
18 R,
3 W
19 R
(including 2 DDs),
4 W
12 R,
3 W
(including 1 DD)

Combined Coryat: $27,800

[game clues] [game scores] [suggest correction]

Game tape date: 2001-12-05
The J! Archive is created by fans, for fans. Scraping, republication, monetization, and malicious use prohibited; this site may use cookies and collect identifying information. See terms. The Jeopardy! game show and all elements thereof, including but not limited to copyright and trademark thereto, are the property of Jeopardy Productions, Inc. and are protected under law. This website is not affiliated with, sponsored by, or operated by Jeopardy Productions, Inc. Join the discussion at JBoard.tv.